000 00628nam a2200181 4500
008 151202b xxu||||| |||| 00| 0 eng d
020 _a9781259071997
082 _2c2013
_aDC 155.2
_bF32t
100 _9987
_aFeist, Jess.
245 _aTheories of personality/
_cJess Feist, Gregory J. Feist, Tomi-Ann Roberts.
250 _aEight edition
260 _aNew York:
_bMcGraw-Hill,
_cc2013.
300 _axviii, 718 pages:
_billustrations;
_c9 cm.
500 _aIncludes glossary, references, photo credits, name index, subject index.
650 0 _9988
_aIndividual psychology.
700 _9990
_aRoberts, Tomi-Ann.
942 _2ddc
_cDC
999 _c395
_d395